[Event "2024 Newport Open"]
[Site "Newport"]
[Date "2024.08.16"]
[Round "1.1"]
[White "Jukes, Sam"]
[Black "Beaumont, Chris R"]
[Result "0-1"]
[WhiteElo "1915"]
[BlackElo "2183"]
[PlyCount "48"]
[EventDate "2024.08.16"]

1. e4 c5 2. Nf3 g6 3. d4 cxd4 4. Qxd4 Nf6 5. e5 Nc6 6. Qa4 Nd5 7. Qb3 Nc7 8. Nc3 Ne6 9. Be3 Bg7 10. O-O-O Nxe5 11. Nxe5 Bxe5 12. g3 O-O 13. f4 Bg7 14. h4 Nc7 15. h5 d6 16. hxg6 hxg6 17. Bd4 e5 18. fxe5 Qg5+ 19. Kb1 Ne6 20. Nd5 Nxd4 21. Qe3 Qd8 22. exd6 Nf5 23. Qe7 Be6 24. Qxb7 Rb8 0-1

[Event "2024 Newport Open"]
[Site "Newport"]
[Date "2024.08.16"]
[Round "1.2"]
[White "Brown, Thomas"]
[Black "Wastney, Dylan"]
[Result "1-0"]
[WhiteElo "2139"]
[BlackElo "1910"]
[PlyCount "87"]
[EventDate "2024.08.16"]

1. d4 Nf6 2. Bf4 d5 3. Nf3 c5 4. e3 cxd4 5. exd4 Nc6 6. c3 Bg4 7. Qb3 Qc8 8. Nbd2 e6 9. Bd3 Be7 10. O-O O-O 11. Rae1 a6 12. Qc2 b5 13. a3 Qb7 14. Ne5 Bh5 15. Bg5 Bg6 16. Nxg6 hxg6 17. h4 a5 18. Re3 Rac8 19. Qd1 Nh5 20. f4 Nf6 21. Bxf6 Bxf6 22. h5 gxh5 23. Qxh5 g6 24. Rg3 Bg7 25. Qe2 b4 26. Ba6 Qb6 27. Bxc8 Rxc8 28. axb4 axb4 29. Nf3 bxc3 30. bxc3 Qb3 31. Qe1 Ne7 32. Ne5 Nf5 33. Rh3 Qb6 34. g4 Nd6 35. Nxg6 fxg6 36. Qxe6+ Kf8 37. f5 Bxd4+ 38. Kh1 Qa6 39. Rhf3 Rxc3 40. fxg6+ Kg7 41. Rf7+ Kh6 42. g7+ Kh7 43. g8=Q+ Kxg8 44. Qg6+ 1-0

[Event "2024 Newport Open"]
[Site "Newport"]
[Date "2024.08.16"]
[Round "1.3"]
[White "Hill, Andy"]
[Black "Varley, Peter"]
[Result "0-1"]
[WhiteElo "1904"]
[BlackElo "2123"]
[PlyCount "42"]
[EventDate "2024.08.16"]

1. Nf3 d5 2. e3 Nf6 3. d4 e6 4. Bd3 c5 5. b3 Nc6 6. O-O Bd6 7. Bb2 Qc7 8. a3 e5 9. dxe5 Nxe5 10. Nxe5 Bxe5 11. Bxe5 Qxe5 12. Bb5+ Ke7 13. Nd2 Rd8 14. Bd3 Bg4 15. Qb1 Ne4 16. Nxe4 dxe4 17. Bc4 Rd6 18. Re1 Rh6 19. h3 Bxh3 20. gxh3 Rxh3 21. c3 Rd8 0-1

[Event "2024 Newport Open"]
[Site "Newport"]
[Date "2024.08.16"]
[Round "1.4"]
[White "Lentzos, Ioanis"]
[Black "May, Adam J"]
[Result "1-0"]
[WhiteElo "2119"]
[BlackElo "1903"]
[PlyCount "127"]
[EventDate "2024.08.16"]

1. d4 d5 2. c4 e6 3. Nf3 Nf6 4. Nc3 a6 5. c5 b6 6. cxb6 cxb6 7. Bf4 Bd6 8. Bxd6 Qxd6 9. e3 Nbd7 10. Bd3 O-O 11. O-O Bb7 12. Qe2 Ne4 13. Bxe4 dxe4 14. Nd2 f5 15. Nc4 Qe7 16. Rfd1 Bd5 17. Ne5 Rfc8 18. Qd2 b5 19. Nxd5 exd5 20. a4 Nb6 21. Qa5 Nxa4 22. Rxa4 bxa4 23. Qxd5+ Kh8 24. Nf7+ Kg8 25. Nd6+ Kh8 26. Nxc8 Rxc8 27. Qxf5 Rf8 28. Qc5 Qf7 29. Rd2 Rb8 30. d5 Qe8 31. d6 Qd7 32. Qc7 Rc8 33. Qxc8+ Qxc8 34. Kf1 Kg8 35. d7 Qd8 36. Rd4 Kf7 37. h4 Kf6 38. g4 g6 39. g5+ Kf5 40. Kg2 Ke5 41. Kg3 Kf5 42. Kh3 Ke5 43. Kg4 a5 44. Kg3 Kf5 45. Kh3 Ke5 46. Kg4 a3 47. bxa3 a4 48. Kg3 Kf5 49. Kh3 Ke6 50. Rxe4+ Kf7 51. Rd4 Ke6 52. f4 Ke7 53. Kg4 Ke6 54. h5 gxh5+ 55. Kg3 Kf7 56. e4 h4+ 57. Kg4 h3 58. Kxh3 Kg6 59. Rd6+ Kg7 60. Kg4 Kf7 61. f5 Ke7 62. Rd4 Kf7 63. e5 Kg7 64. e6 1-0

[Event "2024 Newport Open"]
[Site "Newport"]
[Date "2024.08.16"]
[Round "1.5"]
[White "Brewer, Ben"]
[Black "Chan, Sheng Liang Bernard"]
[Result "0-1"]
[WhiteElo "1895"]
[BlackElo "2093"]
[PlyCount "124"]
[EventDate "2024.08.16"]

1. e4 c5 2. Nc3 Nc6 3. Bb5 Nd4 4. Nf3 a6 5. Bd3 Nc6 6. O-O e6 7. b3 Nf6 8. e5 Ng4 9. Qe2 Qc7 10. Re1 f6 11. Nd5 Qb8 12. Nb6 Ra7 13. Bb2 f5 14. h3 Nh6 15. Ng5 g6 16. a4 Bg7 17. Qe3 Bf8 18. Rad1 Nf7 19. Bc4 Nxg5 20. Qxg5 Be7 21. Qh6 Kf7 22. c3 Bf8 23. Qe3 Na5 24. b4 cxb4 25. cxb4 Bxb4 26. Rc1 Nc6 27. d4 Ba5 28. d5 Ne7 29. Nxc8 Rxc8 30. dxe6+ dxe6 31. Red1 Rc6 32. Rd7 b6 33. Rxa7 Qxa7 34. Qh6 Kg8 35. Rd1 b5 36. Rd6 bxc4 37. Bc3 Qc7 38. Bxa5 Qxa5 39. Rd7 Qe1+ 40. Kh2 Qxe5+ 41. g3 Qg7 42. Qg5 h6 43. Qf4 Qf8 44. Qf3 Rc5 45. Qe3 Rc6 46. Qf3 Rc8 47. Qb7 Kf7 48. Rxe7+ Qxe7 49. Qxc8 Qa7 50. Qxc4 Qxf2+ 51. Kh1 Qxg3 52. Qxa6 Qxh3+ 53. Kg1 Qe3+ 54. Kf1 g5 55. a5 Ke7 56. Qb7+ Kd6 57. a6 Qc1+ 58. Ke2 Qc7 59. Qb4+ Kc6 60. Qc4+ Kb6 61. Qxe6+ Qc6 62. Qa2 Qg2+ 0-1

[Event "2024 Newport Open"]
[Site "Newport"]
[Date "2024.08.16"]
[Round "1.6"]
[White "Cave, Iwan"]
[Black "Perrin, Brent"]
[Result "0-1"]
[WhiteElo "2047"]
[BlackElo "1879"]
[PlyCount "126"]
[EventDate "2024.08.16"]

1. e4 d5 2. exd5 Qxd5 3. Nc3 Qd8 4. d4 Nf6 5. Bc4 a6 6. Nf3 b5 7. Bb3 c5 8. dxc5 Qxd1+ 9. Nxd1 e6 10. Be3 Ng4 11. Bd4 Nc6 12. c3 Bb7 13. h3 Nf6 14. Ne3 Nd7 15. O-O-O Nxc5 16. Ne5 Nxb3+ 17. axb3 Nxe5 18. Bxe5 Bc5 19. Bd4 Bxd4 20. Rxd4 Rd8 21. Rhd1 Ke7 22. Kc2 Rxd4 23. Rxd4 Rd8 24. Rxd8 Kxd8 25. Kd3 Kd7 26. f4 f6 27. g3 Kd6 28. Nc2 e5 29. Ne3 exf4 30. gxf4 Bc8 31. h4 h6 32. Kd4 g5 33. fxg5 fxg5 34. hxg5 hxg5 35. c4 b4 36. Nd5 a5 37. Ne3 Be6 38. Nf1 g4 39. Ng3 Bd7 40. Ne4+ Kc6 41. Ke5 Bc8 42. Kf4 Be6 43. Nf2 Kc5 44. Ke5 Bd7 45. Nd3+ Kc6 46. Kf4 Be6 47. Ke5 Bd7 48. Kd4 g3 49. Ne5+ Kc7 50. Nf3 Bg4 51. Ng1 Kc6 52. Ke4 Bd1 53. Kf4 Bxb3 54. Kxg3 Bxc4 55. Kf4 a4 56. Ke3 a3 57. bxa3 bxa3 58. Nf3 a2 59. Nd4+ Kc5 60. Nc2 Bb3 61. Na1 Kb4 62. Kd2 Ka3 63. Kc1 Ba4 0-1

[Event "2024 Newport Open"]
[Site "Newport"]
[Date "2024.08.16"]
[Round "1.7"]
[White "Day, Jonathan A"]
[Black "Thomas, Joseff"]
[Result "1/2-1/2"]
[WhiteElo "1874"]
[BlackElo "2043"]
[PlyCount "60"]
[EventDate "2024.08.16"]

1. e4 d6 2. d4 g6 3. Nc3 Bg7 4. f4 c6 5. Nf3 b5 6. a3 Nd7 7. Be2 a5 8. d5 Bb7 9. dxc6 Bxc6 10. Nd4 Qc8 11. Bxb5 Bxb5 12. Ndxb5 Ngf6 13. Be3 O-O 14. O-O Nc5 15. e5 Ng4 16. Bd4 dxe5 17. Nd5 Qb7 18. Bxc5 Qxb5 19. Nxe7+ Kh8 20. b4 axb4 21. Nxg6+ hxg6 22. Bxf8 Ne3 23. Bxg7+ Kxg7 24. Qf3 Nxf1 25. Qxa8 Qc5+ 26. Kh1 Ne3 27. axb4 Qxb4 28. fxe5 Nxc2 29. Qa5 Qd4 30. Rg1 Ne3 1/2-1/2

[Event "2024 Newport Open"]
[Site "Newport"]
[Date "2024.08.16"]
[Round "1.8"]
[White "Pleasants, Allan J"]
[Black "Turner, Joseph David"]
[Result "1-0"]
[WhiteElo "2013"]
[BlackElo "1862"]
[PlyCount "51"]
[EventDate "2024.08.16"]

1. Nf3 b6 2. g3 Bb7 3. Bg2 e5 4. d4 exd4 5. O-O c5 6. c3 dxc3 7. e4 Nf6 8. Nxc3 Be7 9. e5 Ne4 10. Nd5 Na6 11. Re1 Nc7 12. Nxe7 Qxe7 13. Nh4 O-O 14. Bxe4 Bxe4 15. Rxe4 f5 16. Re1 Ne6 17. f4 Rad8 18. Be3 d5 19. exd6 Rxd6 20. Qc2 g6 21. Nf3 Qb7 22. Ne5 Rfd8 23. Rad1 Qe4 24. Qxe4 Rxd1 25. Qc4 Rxe1+ 26. Kf2 1-0

[Event "2024 Newport Open"]
[Site "Newport"]
[Date "2024.08.16"]
[Round "1.9"]
[White "Tuson, Jon"]
[Black "Crawford, Owen"]
[Result "0-1"]
[WhiteElo "1842"]
[BlackElo "2010"]
[PlyCount "58"]
[EventDate "2024.08.16"]

1. Nf3 Nf6 2. c4 g6 3. d4 Bg7 4. Nc3 O-O 5. g3 d6 6. Bg2 c5 7. O-O Nc6 8. d5 Na5 9. Qd3 a6 10. a3 Nb3 11. Rb1 Nxc1 12. Rfxc1 Bd7 13. b4 b6 14. h3 Nh5 15. e4 h6 16. Qe3 Qc8 17. Kh2 Qc7 18. Kg1 e5 19. Ne2 f5 20. Qd2 f4 21. g4 Nf6 22. Rc3 Nxe4 23. Qd3 Nxc3 24. Nxc3 e4 25. Nxe4 g5 26. Nexg5 hxg5 27. Nxg5 Rf6 28. Qh7+ Kf8 29. Qh4 Rh6 0-1

[Event "2024 Newport Open"]
[Site "Newport"]
[Date "2024.08.16"]
[Round "1.10"]
[White "Young, Alan"]
[Black "Mcghee, David"]
[Result "1/2-1/2"]
[WhiteElo "2005"]
[BlackElo "1831"]
[PlyCount "86"]
[EventDate "2024.08.16"]

1. e4 c5 2. Nf3 d6 3. d4 cxd4 4. Nxd4 Nf6 5. Nc3 a6 6. h3 e6 7. g4 Be7 8. Bg2 Qc7 9. O-O O-O 10. Be3 Nc6 11. Nxc6 bxc6 12. f4 d5 13. g5 Ne8 14. f5 exf5 15. exd5 Rb8 16. dxc6 Qe5 17. Qd4 Qxd4 18. Bxd4 Bxg5 19. Bc5 Rxb2 20. Nd5 Rxc2 21. Be7 Nf6 22. Bxf8 Kxf8 23. Nxf6 Bxf6 24. Rab1 Be5 25. Rfe1 Bd6 26. Rbd1 Bc7 27. Rd7 Bb6+ 28. Kh1 g6 29. Bd5 Bxd7 30. cxd7 Rd2 31. Re8+ Kg7 32. d8=Q Bxd8 33. Rxd8 Kf6 34. Rd7 Ke5 35. Be6 Rxd7 36. Bxd7 g5 37. Kg2 Kf4 38. Be8 f6 39. Bh5 g4 40. h4 Ke3 41. Kg3 a5 42. a4 h6 43. Kg2 Kf4 1/2-1/2

[Event "2024 Newport Open"]
[Site "Newport"]
[Date "2024.08.16"]
[Round "1.11"]
[White "Mcbeath, Joel"]
[Black "Homer, Stephen J"]
[Result "0-1"]
[WhiteElo "1806"]
[BlackElo "1996"]
[PlyCount "56"]
[EventDate "2024.08.16"]

1. e4 c5 2. Nf3 d6 3. d4 cxd4 4. Nxd4 Nf6 5. Nc3 a6 6. Bg5 Nbd7 7. Bc4 Qb6 8. Bb3 e6 9. Qd2 Be7 10. f3 Nc5 11. O-O-O Qc7 12. g4 Bd7 13. a3 b5 14. Ba2 Rb8 15. Be3 a5 16. Qe2 b4 17. axb4 axb4 18. Ncb5 Qb6 19. Bc4 e5 20. Nf5 Bxb5 21. Nxg7+ Kd7 22. Nf5 Rhc8 23. g5 Ne8 24. f4 exf4 25. Bxf4 Bxc4 26. Qxc4 Ne6 27. Qf1 Qc6 28. Rd2 Ra8 0-1

[Event "2024 Newport Open"]
[Site "Newport"]
[Date "2024.08.16"]
[Round "1.12"]
[White "Thomas, Jac"]
[Black "Dixon, Chris"]
[Result "0-1"]
[WhiteElo "1996"]
[BlackElo "1799"]
[PlyCount "42"]
[EventDate "2024.08.16"]

1. d4 d5 2. e4 dxe4 3. Nc3 Nf6 4. f3 c6 5. Bc4 exf3 6. Nxf3 Bf5 7. O-O e6 8. Bd3 Bxd3 9. Qxd3 Nbd7 10. Bf4 Be7 11. Ne5 O-O 12. Rad1 Nd5 13. Nxd5 cxd5 14. Rf3 Nxe5 15. dxe5 Bg5 16. Rh3 h6 17. Rf1 Qb6+ 18. Kh1 Bxf4 19. Rxf4 Qxb2 20. c3 Rac8 21. Rxh6 Qc1+ 0-1

[Event "2024 Newport Open"]
[Site "Newport"]
[Date "2024.08.16"]
[Round "1.13"]
[White "Acharya, Kandara"]
[Black "Fathallah, Joe"]
[Result "0-1"]
[WhiteElo "1753"]
[BlackElo "1992"]
[PlyCount "90"]
[EventDate "2024.08.16"]

1. c4 e5 2. g3 Nc6 3. Bg2 g6 4. Nc3 Bg7 5. Nf3 d6 6. O-O f5 7. d3 Nf6 8. a3 O-O 9. e3 h6 10. d4 e4 11. Ne1 g5 12. f3 exf3 13. Nxf3 Qe7 14. b4 Bd7 15. Ra2 Be8 16. Qd3 Ne4 17. Nd2 Nxc3 18. Qxc3 f4 19. Nb3 Bh5 20. exf4 Nxd4 21. Nxd4 c5 22. Qd3 Bxd4+ 23. Kh1 Rae8 24. Bf3 Bxf3+ 25. Qxf3 Qe4 26. Kg2 g4 27. Qxe4 Rxe4 28. f5 h5 29. Bg5 Re5 30. Bf4 Rexf5 31. Re1 Be5 32. Bxe5 dxe5 33. Rae2 Re8 34. Rd1 cxb4 35. Rd7 Rf7 36. Rd5 bxa3 37. Ra5 b6 38. Rxa3 Rc7 39. Re4 Kf7 40. Rd3 Rc5 41. Rd6 Rec8 42. Rh6 Rxc4 43. Rxc4 Rxc4 44. Rxh5 Kf6 45. Rh7 Ra4 0-1

[Event "2024 Newport Open"]
[Site "Newport"]
[Date "2024.08.16"]
[Round "1.14"]
[White "Garcia, Jason"]
[Black "Gillings, Matthew"]
[Result "0-1"]
[WhiteElo "1980"]
[BlackElo "1750"]
[PlyCount "96"]
[EventDate "2024.08.16"]

1. Nf3 d5 2. g3 Nf6 3. Bg2 g6 4. b3 Bg7 5. Bb2 O-O 6. c4 c6 7. O-O Bf5 8. d3 Nbd7 9. Nbd2 a5 10. Qc2 Re8 11. Rfe1 e5 12. e4 dxe4 13. dxe4 Bg4 14. h3 Bxf3 15. Nxf3 Qc7 16. Rad1 Nc5 17. h4 Nfd7 18. Bh3 Rad8 19. a3 Ne6 20. b4 axb4 21. axb4 c5 22. Bxe6 Rxe6 23. b5 Ree8 24. Bc3 f6 25. h5 Nf8 26. hxg6 hxg6 27. Nh4 Rxd1 28. Rxd1 Rd8 29. Rd5 Rxd5 30. exd5 Kf7 31. Qa4 b6 32. Bd2 Qb7 33. Qa6 Qb8 34. Ng2 Nd7 35. Ne1 f5 36. Nd3 Bf6 37. Kg2 g5 38. f3 e4 39. fxe4 fxe4 40. Nf2 Bd4 41. Nxe4 Qe5 42. Nxg5+ Kg6 43. Qa2 Qe2+ 44. Kh3 Qf1+ 45. Kh4 Qh1+ 46. Nh3 Bf6+ 47. Kg4 Ne5+ 48. Kf4 Qf3# 0-1

[Event "2024 Newport Open"]
[Site "Newport"]
[Date "2024.08.16"]
[Round "1.15"]
[White "Connolly, Dave"]
[Black "Duke, Dillan"]
[Result "0-1"]
[WhiteElo "1730"]
[BlackElo "1957"]
[PlyCount "58"]
[EventDate "2024.08.16"]

1. Nf3 Nf6 2. g3 d5 3. Bg2 e6 4. d3 c5 5. O-O Nc6 6. Bg5 Be7 7. c3 O-O 8. Nbd2 b5 9. h4 a5 10. d4 cxd4 11. Nxd4 Nxd4 12. cxd4 h6 13. Bxf6 Bxf6 14. Nf3 Qb6 15. e3 Ba6 16. Ne5 Bxe5 17. dxe5 b4 18. Re1 Rac8 19. Bf3 Qb8 20. Qd4 Rc4 21. Qd3 Qxe5 22. b3 Rc1 23. Qxa6 Rxa1 24. Rxa1 Qxa1+ 25. Kg2 Qxa2 26. Qd3 Qb2 27. Bd1 Qc3 28. Bc2 Qxd3 29. Bxd3 Rc8 0-1

[Event "2024 Newport Open"]
[Site "Newport"]
[Date "2024.08.16"]
[Round "1.16"]
[White "Tapp, James"]
[Black "Hu, Junyan"]
[Result "1-0"]
[WhiteElo "1939"]
[BlackElo "1720"]
[PlyCount "113"]
[EventDate "2024.08.16"]

1. d4 Nf6 2. c4 e6 3. g3 d5 4. Bg2 dxc4 5. Nf3 c5 6. O-O Nc6 7. dxc5 Qxd1 8. Rxd1 Bxc5 9. Nbd2 c3 10. bxc3 O-O 11. Nb3 Be7 12. Nfd4 Rd8 13. a4 e5 14. e4 exd4 15. cxd4 Ne8 16. Bf4 g5 17. Be3 Nb4 18. Rdc1 f5 19. f3 b6 20. a5 Bb7 21. d5 f4 22. gxf4 gxf4 23. Bd2 Nd3 24. Rcb1 Bf6 25. Ra2 Nc5 26. Bxf4 Nxb3 27. Rxb3 Bd4+ 28. Kh1 Nf6 29. Bh3 Kg7 30. Bc7 Re8 31. Be6 Bc8 32. axb6 Bxb6 33. Rxb6 axb6 34. Rxa8 Bxe6 35. Rxe8 Nxe8 36. Be5+ Kf7 37. dxe6+ Kxe6 38. f4 b5 39. Kg2 b4 40. Kf3 b3 41. Ke3 Nd6 42. Kd3 Nb5 43. Kc4 Nd6+ 44. Kd3 Nb5 45. Bb2 Nd6 46. f5+ Kf7 47. Kd4 h5 48. Kd5 Ne8 49. e5 Nc7+ 50. Kc4 Na6 51. Kxb3 Nc5+ 52. Kc4 Ne4 53. Kd5 Nf2 54. e6+ Ke8 55. f6 Ng4 56. f7+ Kf8 57. Ba3+ 1-0

[Event "2024 Newport Open"]
[Site "Newport"]
[Date "2024.08.16"]
[Round "1.17"]
[White "Powell-Jones, Liam"]
[Black "Zhang, Junyi"]
[Result "0-1"]
[WhiteElo "1718"]
[BlackElo "1936"]
[PlyCount "60"]
[EventDate "2024.08.16"]

1. e4 c5 2. Nf3 e6 3. d4 cxd4 4. Nxd4 Nf6 5. Nc3 Nc6 6. Be3 Bb4 7. f3 d5 8. Nxc6 bxc6 9. e5 Nd7 10. f4 Qa5 11. Bd2 Ba6 12. Qg4 O-O 13. a3 Bxf1 14. Rxf1 Bxc3 15. Bxc3 Qb6 16. O-O-O Nc5 17. f5 exf5 18. Rxf5 Ne6 19. Rdf1 d4 20. Bd2 Rab8 21. b4 Qa6 22. R1f3 Rbd8 23. Bh6 d3 24. Rxd3 Rxd3 25. cxd3 Qxa3+ 26. Kd2 Rd8 27. Rf3 Qb2+ 28. Ke1 Qxe5+ 29. Re3 Qa1+ 30. Kf2 Qf6+ 0-1

[Event "2024 Newport Open"]
[Site "Newport"]
[Date "2024.08.16"]
[Round "1.18"]
[White "Wu, Yuxuan"]
[Black "Kong, Emma Zihan"]
[Result "1/2-1/2"]
[WhiteElo "1933"]
[BlackElo "1698"]
[PlyCount "143"]
[EventDate "2024.08.16"]

1. d4 d5 2. c4 c6 3. Nc3 Nf6 4. e3 e6 5. Nf3 Nbd7 6. Be2 dxc4 7. Bxc4 b5 8. Bd3 a6 9. O-O Bb7 10. e4 Be7 11. e5 Nd5 12. Nxd5 cxd5 13. Be3 b4 14. Nd2 a5 15. Qe2 Qb6 16. Rac1 Ba6 17. Bxa6 Qxa6 18. Qg4 g6 19. Bg5 Bxg5 20. Qxg5 h6 21. Qf4 Qd3 22. Nb3 Qf5 23. Qd2 Nb6 24. Nc5 Nc4 25. Qe2 O-O 26. Nd7 Rfd8 27. Nf6+ Kg7 28. b3 Na3 29. g3 Rab8 30. Qa6 Nb5 31. Qxa5 Nxd4 32. f4 Ne2+ 33. Kg2 Nxc1 34. Rxc1 Qd3 35. Rc7 Qe2+ 36. Kg1 Qe3+ 37. Kg2 Qb6 38. Qxb6 Rxb6 39. Kf3 Ra6 40. Rb7 Rxa2 41. Rxb4 d4 42. Ne4 Rxh2 43. Nd6 d3 44. Rd4 Rb8 45. Rxd3 Rb2 46. Kg4 R2xb3 47. Rd2 h5+ 48. Kh4 Rb2 49. Ne8+ Kf8 50. Rxb2 Rxb2 51. Nf6 Ke7 52. g4 hxg4 53. Kxg4 Rc2 54. Kg5 Rg2+ 55. Kh6 Rf2 56. Kg5 Kf8 57. Kg4 Kg7 58. Ne8+ Kh6 59. Nd6 Kg7 60. Ne8+ Kf8 61. Nf6 Rf1 62. Kg5 Kg7 63. Ne8+ Kf8 64. Nf6 Kg7 65. Ne8+ Kf8 66. Nf6 Rg1+ 67. Kh6 Rh1+ 68. Kg5 Ke7 69. Ng8+ Kf8 70. Nf6 Rh8 71. Kg4 Ke7 72. Kg5 1/2-1/2

[Event "2024 Newport Open"]
[Site "Newport"]
[Date "2024.08.17"]
[Round "2.3"]
[White "Varley, Peter"]
[Black "Tapp, James"]
[Result "0-1"]
[WhiteElo "2123"]
[BlackElo "1939"]
[PlyCount "148"]
[EventDate "2024.08.16"]

1. d4 Nf6 2. c4 e6 3. Nc3 Bb4 4. f3 d5 5. a3 Bxc3+ 6. bxc3 c5 7. e3 O-O 8. cxd5 exd5 9. Bd3 b6 10. Ne2 Ba6 11. O-O Re8 12. Ng3 Bxd3 13. Qxd3 Nc6 14. Ra2 Rc8 15. Rd2 c4 16. Qe2 Qe7 17. Rdd1 Na5 18. Rde1 Nb3 19. Qc2 Qb7 20. Bb2 b5 21. e4 a5 22. e5 Nd7 23. Nf5 Re6 24. Nd6 Rxd6 25. exd6 Qc6 26. Re7 Qxd6 27. Rfe1 Nf6 28. Qf5 Rf8 29. Qe5 Qa6 30. g4 h6 31. h4 Qc8 32. Qc7 Qa6 33. Kf2 b4 34. Rg1 Nh7 35. Qe5 Qg6 36. Qe2 Qf6 37. Kg3 bxc3 38. Bxc3 Nxd4 39. Bxd4 Qxd4 40. Rd1 Qc5 41. Qe3 Qd6+ 42. Kg2 Nf6 43. Rd4 Rb8 44. Qe1 Rb2+ 45. Re2 Qxa3 46. g5 hxg5 47. hxg5 Nh5 48. Rxb2 Qxb2+ 49. Rd2 Qb5 50. Qe5 Qc6 51. Rb2 Kh7 52. Qf5+ Qg6 53. Qxg6+ Kxg6 54. Rb5 Nf4+ 55. Kf2 Kxg5 56. Rxa5 g6 57. Ke3 f5 58. Ra6 c3 59. Rc6 d4+ 60. Kxd4 Kh4 61. Ke3 Kg3 62. Rc4 Ng2+ 63. Ke2 Nf4+ 64. Ke3 g5 65. Rc8 Ng2+ 66. Ke2 Nf4+ 67. Ke3 Nh3 68. Rxc3 Ng1 69. f4 gxf4+ 70. Kd2+ f3 71. Rc1 f2 72. Ke3 f4+ 73. Ke4 Nf3 74. Ra1 f1=Q 0-1

[Event "2024 Newport Open"]
[Site "Newport"]
[Date "2024.08.17"]
[Round "2.4"]
[White "Zhang, Junyi"]
[Black "Lentzos, Ioanis"]
[Result "0-1"]
[WhiteElo "1936"]
[BlackElo "2119"]
[PlyCount "60"]
[EventDate "2024.08.16"]

1. e4 c6 2. Nc3 d5 3. Nf3 Bg4 4. h3 Bxf3 5. Qxf3 e6 6. d3 Nd7 7. Bd2 Qb6 8. O-O-O d4 9. Ne2 Ne7 10. Qg3 c5 11. f4 Nc6 12. Qf2 Be7 13. g4 g5 14. f5 h6 15. Ng3 Nde5 16. Nh5 O-O-O 17. Be2 Qa6 18. Kb1 b5 19. f6 Bd6 20. h4 Rd7 21. hxg5 hxg5 22. Ng7 Rhd8 23. Rh5 c4 24. Rxg5 Rc7 25. Rf1 c3 26. bxc3 Qa4 27. Qe1 Nb4 28. cxb4 Rxc2 29. a3 Qb3+ 30. Ka1 Qb2# 0-1

[Event "2024 Newport Open"]
[Site "Newport"]
[Date "2024.08.17"]
[Round "2.5"]
[White "Chan, Sheng Liang Bernard"]
[Black "Perrin, Brent"]
[Result "1-0"]
[WhiteElo "2093"]
[BlackElo "1879"]
[PlyCount "73"]
[EventDate "2024.08.16"]

1. d4 d5 2. c4 c6 3. Nf3 Nf6 4. e3 Bg4 5. Be2 dxc4 6. Bxc4 e6 7. O-O Nbd7 8. Nc3 Be7 9. e4 O-O 10. Re1 Re8 11. Be3 e5 12. Qb3 Bxf3 13. Bxf7+ Kh8 14. Bxe8 Qxe8 15. gxf3 Qh5 16. Qe6 Rf8 17. Qf5 Qh4 18. Bg5 Qh5 19. Bxf6 Qh6 20. Qg5 Qxg5+ 21. Bxg5 Bxg5 22. d5 Rxf3 23. Rad1 c5 24. Kg2 Rf6 25. d6 Rg6 26. Kf1 Rh6 27. Ke2 Rxh2 28. Rh1 Rxh1 29. Rxh1 g6 30. Kd3 Kg7 31. Kc4 h5 32. Na4 b6 33. Nc3 Kf7 34. Kd5 Bf6 35. Kc6 Ke6 36. Nd5 Bd8 37. Nc7+ 1-0

[Event "2024 Newport Open"]
[Site "Newport"]
[Date "2024.08.17"]
[Round "2.6"]
[White "Dixon, Chris"]
[Black "Pleasants, Allan J"]
[Result "0-1"]
[WhiteElo "1799"]
[BlackElo "2013"]
[PlyCount "72"]
[EventDate "2024.08.16"]

1. d4 g6 2. Nc3 Bg7 3. e4 d6 4. Nf3 Bg4 5. Be2 Nc6 6. Be3 Nf6 7. h3 Bxf3 8. Bxf3 O-O 9. O-O e5 10. d5 Ne7 11. Qd2 Ne8 12. Be2 f5 13. f4 Nf6 14. fxe5 dxe5 15. Bc4 Kh8 16. Bg5 Qd6 17. Qe3 f4 18. Qf2 a6 19. Bxf6 Rxf6 20. Be2 Ng8 21. a3 Bf8 22. Bg4 Be7 23. Kh1 h5 24. Be6 Raf8 25. Qe2 Nh6 26. Na4 b5 27. Nc3 Qd8 28. Na2 Nf7 29. Bxf7 R8xf7 30. Nb4 Qd7 31. Nc6 Bd6 32. Rf3 g5 33. Qf1 g4 34. hxg4 hxg4 35. Rc3 Rh6+ 36. Kg1 g3 0-1

[Event "2024 Newport Open"]
[Site "Newport"]
[Date "2024.08.17"]
[Round "2.7"]
[White "Crawford, Owen"]
[Black "Gillings, Matthew"]
[Result "1-0"]
[WhiteElo "2010"]
[BlackElo "1750"]
[PlyCount "113"]
[EventDate "2024.08.16"]

1. e4 c5 2. Nf3 d6 3. d4 cxd4 4. Nxd4 Nf6 5. Nc3 g6 6. Be3 Bg7 7. f3 O-O 8. Qd2 Nc6 9. O-O-O d5 10. Nxc6 bxc6 11. Bh6 Qc7 12. h4 Bxh6 13. Qxh6 Qe5 14. Qg5 Qc7 15. h5 Nxh5 16. exd5 Qf4+ 17. Qxf4 Nxf4 18. d6 exd6 19. Rxd6 Be6 20. Ne4 Kg7 21. Rh4 Nd5 22. Ng5 Ne3 23. Rxh7+ Kf6 24. Nxe6 fxe6 25. Bd3 Nxg2 26. Rxc6 Nf4 27. Be4 Rad8 28. b3 Rh8 29. Rxh8 Ne2+ 30. Kb2 Rxh8 31. Ra6 Rh7 32. Bxg6 Rc7 33. Be4 Ng3 34. Bd3 Re7 35. f4 Nf5 36. a4 Ne3 37. Rc6 Nd1+ 38. Ka3 Nf2 39. Rd6 Nxd3 40. Rxd3 Rc7 41. Kb2 a5 42. c3 Kf5 43. Rd4 e5 44. fxe5 Kxe5 45. Rh4 Ra7 46. Ka3 Kd5 47. b4 axb4+ 48. cxb4 Rg7 49. a5 Kc6 50. Ka4 Kb7 51. Rh6 Rg5 52. Rh7+ Kb8 53. a6 Rg1 54. Ka5 Rg5+ 55. b5 Rg1 56. Rh8+ Kc7 57. b6+ 1-0

[Event "2024 Newport Open"]
[Site "Newport"]
[Date "2024.08.17"]
[Round "2.8"]
[White "Homer, Stephen J"]
[Black "Richards, Gareth"]
[Result "1-0"]
[WhiteElo "1996"]
[BlackElo "1588"]
[PlyCount "79"]
[EventDate "2024.08.16"]

1. e4 e5 2. Nf3 Nc6 3. Bb5 Nge7 4. c4 a6 5. Ba4 Ng6 6. O-O Bc5 7. d3 O-O 8. a3 Nd4 9. b4 Ba7 10. Nxd4 Bxd4 11. Ra2 c5 12. Nd2 b5 13. Bb3 d6 14. Nf3 Bg4 15. h3 Bxf3 16. Qxf3 cxb4 17. axb4 Qb6 18. cxb5 Qxb5 19. Bd2 Nf4 20. Bc4 Qb6 21. Bxf4 exf4 22. Qxf4 Qxb4 23. Rxa6 Rxa6 24. Bxa6 Be5 25. Qf3 Kh8 26. Bc4 Qc3 27. g3 Qb4 28. Bd5 Qc5 29. Rb1 Bd4 30. Kg2 f6 31. Rb7 Qc2 32. Rd7 Bc5 33. Rc7 Qd2 34. e5 Qa5 35. Rb7 dxe5 36. Qg4 Be7 37. Qe6 Rd8 38. Rxe7 h5 39. Re8+ Kh7 40. Qg8+ 1-0

[Event "2024 Newport Open"]
[Site "Newport"]
[Date "2024.08.17"]
[Round "2.8"]
[White "Homer, Stephen J"]
[Black "Richards, Gareth"]
[Result "1-0"]
[WhiteElo "1996"]
[BlackElo "1588"]
[PlyCount "124"]
[EventDate "2024.08.16"]

1. e4 e6 2. d4 d5 3. exd5 exd5 4. h3 Bd6 5. Nf3 Ne7 6. c4 c6 7. c5 Bc7 8. Bd3 h6 9. O-O O-O 10. b4 Bf5 11. Re1 Bxd3 12. Qxd3 Ng6 13. g3 Re8 14. Rxe8+ Qxe8 15. Nc3 Nd7 16. Bd2 Nf6 17. Re1 Qd7 18. Kg2 Re8 19. b5 Rxe1 20. Nxe1 Ne7 21. Nc2 Ba5 22. bxc6 Nxc6 23. Nd1 Bc7 24. Qf3 Qe6 25. Nde3 b6 26. cxb6 Bxb6 27. Bc3 g6 28. Ng4 Nxg4 29. Qxg4 h5 30. Qf3 Ne7 31. Ne3 Qe4 32. Qxe4 dxe4 33. f3 f5 34. fxe4 fxe4 35. Nc4 Nd5 36. Bb2 Bc7 37. Nd2 Ne3+ 38. Kh2 Nd1 39. Ba3 e3 40. Nc4 e2 41. Bb4 h4 42. Kg2 Bxg3 43. Kf3 e1=Q 44. Bxe1 Bxe1 45. Ke2 Nf2 46. Kxe1 Nxh3 47. Ke2 g5 48. Kf3 Nf4 49. Ne5 Kg7 50. a4 Kf6 51. Nc6 Kf5 52. Ne7+ Ke6 53. Nc6 a6 54. Kg4 h3 55. Kg3 Kf5 56. d5 g4 57. Kh2 Nxd5 58. Nb8 Kf4 59. Nxa6 Kf3 60. Nc5 Nf4 61. a5 g3+ 62. Kh1 Ne2 1-0

[Event "2024 Newport Open"]
[Site "Newport"]
[Date "2024.08.17"]
[Round "2.10"]
[White "Davis, Colin"]
[Black "Day, Jonathan A"]
[Result "1-0"]
[WhiteElo "2046"]
[BlackElo "1874"]
[PlyCount "87"]
[EventDate "2024.08.16"]

1. Nf3 d5 2. b3 Nc6 3. Bb2 Bg4 4. g3 Nf6 5. Bg2 e6 6. d3 Qd7 7. a3 Be7 8. h3 Bh5 9. g4 Bg6 10. g5 Nh5 11. e3 f6 12. h4 O-O-O 13. Bh3 Kb8 14. Nbd2 Qd6 15. b4 a6 16. Nb3 e5 17. Nc5 Bf7 18. Qe2 Ka7 19. d4 e4 20. Nd2 fxg5 21. hxg5 Nb8 22. Bf1 Qg6 23. Ndb3 Qxg5 24. Na5 Bxc5 25. bxc5 Nf6 26. Rb1 Bh5 27. Qd2 b6 28. Bc1 Bf3 29. Qb4 Nfd7 30. Rh3 Qf6 31. c4 Nc6 32. Nxc6+ Qxc6 33. cxd5 Qxd5 34. cxb6+ cxb6 35. Rg3 g6 36. Bc4 Qh5 37. Qd6 Qh1+ 38. Bf1 Kb7 39. d5 Qh5 40. Qc6+ Ka7 41. Qc7+ Ka8 42. Qc6+ Ka7 43. Bb2 Nc5 44. Bxh8 1-0